LEADER 01188nam a2200301 a 4500 001 000000129533 003 CaOOAMICUS 005 20120705112256.0 008 120705s2011 it d u000 u ita u 020 $a978-88-244-5884-9 040 $aPUL$bita 082 04$a330 245 00$aCompendio di programmazione e controllo di gestione. 250 $a3. ed. 260 $aNapoli :$bEsselibri-Simone,$c2011. 300 $a272 p. :$bgrafici ;$c21 cm. 490 1 $aVolumi di base ;$v40/3 650 4$aManagement.$0(OLS)http://pul/subject/25573 650 4$aContabilità.$0(OLS)http://pul/subject/34457 830 0$aVolumi di base ;$v40/3.$0(OLS)http://pul/title/163704 850 $aPUL 852 $aPUL$W1$xDP2 Diritto e Scienze Sociali 3$y110$m340 COLL 3.40.3$j150025$qDDC 21$B148546$CPULBib$Z2$F148546 $H120270 $82 941 1 $a9 996 $6020$a978-88-244-5884-9$9(OLS)http://pul/number/150178 996 $6082$a330$9(OLS)http://pul/classification/362 996 $6245$aCompendio di programmazione e controllo di gestione$9(OLS)http://pul/title/163703 996 $6260$aNapoli :$bEsselibri-Simone$9(OLS)http://pul/publisher/67437 LEADER 02450namaa2200421 i 4500 001 000000178549 003 CaOOAMICUS 005 20260305114816.0 008 260305s2021 be u000 u fre r 020 $a978-90-429-4411-4* 032 $aLibriCat 040 $aPUL$bita 041 0 $afre$alat 100 0 $aAugustinus,$cs., vesc. d'Ippona,$d354-430,$eautore.$0(OLS)http://pul/name/1290 245 14$aLes dix Catégories, ou, Paraphrase thémistienne du Pseudo-Augustin : $btexte légèrement émendé de l'édition de L. Minio-Palluelo /$cIntroduction, traduction et notes par Alain Galonnier ; présentation de Claudio Moreschini. 260 $aLeuven, Paris, Bristol :$bPeeters,$c2021$aLouvain :$bInstitut Supérieur de Philosophie 300 $axv, 266 pagine pagine ; $c24 cm 336 $atesto$btxt$2rdacontent 337 $asenza mediazione$bn$2rdamedia 338 $avolume$bnc$2rdacarrier 490 1 $aPhilosophes médiévaux ;$v70 500 $aIntroduzione in francese, testo in latino, traduzione in francese e passi in greco. 504 $aBibliografia alla fine dell'Introduzione : pagine [139]-153. 650 4$aAugustinus, Aurelius, santo, 354-430. Opere spurie e dubbie. Categoriae decem ex Aristotele decerprtae.$0(OLS)http://pul/subject/47132 700 1 $aMoreschini, Claudio,$d1938-,$eautore di introduzione.$0(OLS)http://pul/name/1915 700 1 $aMinio Paluello, Lorenzo,$d1907-1986,$ecuratore.$0(OLS)http://pul/name/1383 700 1 $aGalonnier, Alain,$d1957-,$eautore di introduzione,$ecuratore,$etraduttore.$0(OLS)http://pul/name/25872 830 0$aPhilosophes médiévaux ;$v70.$0(OLS)http://pul/title/165 850 $aPUL 852 $aPUL$W1$xSL Filosofia 2$y80$mPhil A3 70$j202336$qStampati Altre Collocazioni$B207690$CPULBib$Z2$F207690 $H138376 $82 900 $aAgostino,$cs., vesc. d'Ippona,$d354-430$91290 900 $aAgostino, Aurelio,$cs., vesc. d'Ippona$d354-430$91290 941 1 $a10 996 $6020$a978-90-429-4411-4*$9(OLS)http://pul/number/170884 996 $6245$aLes dix Catégories, ou, Paraphrase thémistienne du Pseudo-Augustin : $btexte légèrement émendé de l'édition de L. Minio-Palluelo$9(OLS)http://pul/title/220135 996 $6260$aLeuven, Paris, Bristol :$bPeeters$9(OLS)http://pul/publisher/83372 996 $6260$aLouvain :$bInstitut Supérieur de Philosophie$9(OLS)http://pul/publisher/53104